000 00474nam a2200169 i 4500
001 83402
003 ES-MaACL
005 20230906174824.0
007 t|
008 041116s1952 sp |||| | spa d
080 _a860-321.2"19"
100 1 _aIribarren, José María.
_965454
245 1 3 _aEl patio de caballos y otras estampas /
_cJosé María Iribarren.
260 _aZaragoza :
_bLibrería General,
_c1952.
300 _a218 p. ;
_c20 cm.
852 _aES-MaACL
_jC-5828
999 _c83402
_d83402